Slogan to Candy Match Quiz Stats

 Plays Quiz Updated Apr 16, 2017

Challenge
Share
Tweet
Score 0/20 Timer 04:00
8 Plays Today
% Correct
Kit-Kat
88.4%
Twizzlers
88.3%
Skittles
88.2%
Sour Patch Kids
86.6%
Snickers
84%
Hershey Bar
79.2%
M&M's
78.5%
Twix
73.3%
Starburst
72.9%
Jolly Rancher
69.5%
% Correct
Aero
62.6%
Almond Joy
61.1%
York Peppermint Pattie
59.3%
100 Grand
50.4%
Reese's Peanut
Butter Cups
48.9%
Butterfinger
46.3%
Smarties
45.3%
Rolo
40.9%
Maltesers
39.8%
Whatchamacallit
37.5%

You're not logged in!

Compare scores with friends on all Sporcle quizzes.
OR
Log In

You Might Also Like...

Show Comments

Extras

Top Quizzes Today


Score Distribution

Your Account Isn't Verified!

In order to create a playlist on Sporcle, you need to verify the email address you used during registration. Go to your Sporcle Settings to finish the process.

Report this User

Report this user for behavior that violates our Community Guidelines.

Details: